Statistiques concernant Prénoms les plus attribués en 1983

Cliquez ici pour prendre le quiz!

Statistiques générales

  • Ce quiz a été pris 288 fois
  • Le résultat moyen est 56 sur 100

Statistiques - réponses

Nb de naissancesPrénom% Correct
3173Jean
91%
7226Marie
90%
8319Julie
88%
2161Laure
85%
16335Julien
83%
14541Nicolas
82%
4262Pierre
81%
5935Thomas
81%
6321Alexandre
80%
4348Stéphane
80%
11553Sébastien
77%
5710Sophie
77%
2866Anne
75%
13930Aurélie
75%
7998Stéphanie
74%
2066Kévin
72%
4443Olivier
72%
2681Antoine
70%
9221Céline
70%
6185Christophe
70%
6274Romain
70%
7591David
69%
3863Laurent
69%
8119Elodie
68%
10332Emilie
68%
3086François
68%
6415Vincent
67%
3679Fabien
66%
2678Matthieu
66%
2848Maxime
66%
9248Guillaume
65%
3759Sandrine
65%
2458Isabelle
64%
3704Nathalie
64%
4271Benjamin
63%
5276Caroline
63%
1849Clément
63%
4773Jérémy
63%
2896Marion
63%
5445Mathieu
63%
3842Claire
62%
1799Florence
61%
2904Lucie
61%
5187Frédéric
60%
5167Jérôme
60%
6586Virginie
60%
3673Cécile
59%
7395Audrey
58%
1878Eric
58%
2301Pauline
58%
5502Anthony
57%
1843Karine
57%
1985Philippe
57%
2156Xavier
57%
5789Damien
56%
2418Florian
55%
2774Sandra
55%
6157Cédric
54%
2284Emmanuel
54%
4420Mélanie
54%
3254Amélie
53%
3762Arnaud
53%
3097Hélène
53%
2792Alexandra
52%
2094Franck
52%
3672Benoît
51%
1889Marc
51%
2229Florent
50%
1929Yann
50%
2462Sarah
49%
4401Sylvain
49%
3440Aurélien
48%
4846Vanessa
45%
4047Amandine
44%
4346Delphine
44%
2027Emmanuelle
43%
2240Rémi
43%
4857Ludovic
42%
4709Mickaël
42%
6870Laëtitia
40%
3046Cyril
39%
4975Grégory
38%
1804Séverine
38%
2675Jennifer
37%
4878Jessica
37%
5113Sabrina
37%
3089Loïc
36%
2590Yannick
35%
2563Fanny
34%
1983Gaëlle
33%
5391Jonathan
33%
2960Michael
32%
2190Sonia
32%
2514Aurore
30%
2204Magali
29%
1957Adeline
28%
1898Ludivine
25%
3193Angélique
24%
3053Cindy
19%
1985Yoann
13%

Distribution des résultats

Percentile par nombre de réponses

% des personnes avec chaque résultat

Votre développement - résultats

Vous n’avez pas pris ce quiz